LEADER 01224nam 2200337 n 450 001 996383811903316 005 20221108003754.0 035 $a(CKB)1000000000598137 035 $a(EEBO)2248570852 035 $a(UnM)99842761 035 $a(EXLCZ)991000000000598137 100 $a19910522d1629 uy | 101 0 $aeng 135 $aurbn||||a|bb| 200 00$aBaptismall regeneration of elect infants$b[electronic resource] $eprofessed by the Church of England, according to the Scriptures, the primitiue Church, the present reformed churches, and many particular divines apart. By Cor: Burges .. 210 $aAt Oxford $cPrinted by I. L[ichfield] for Henry Curteyn$dAnn. Dom. 1629 215 $a[16], 347, [1] p 300 $aPrinter's name from STC. 300 $aReproduction of the original in Cambridge University Library. 330 $aeebo-0021 606 $aInfant baptism$vEarly works to 1800 615 0$aInfant baptism 700 $aBurges$b Cornelius$f1589?-1665.$01002137 801 0$bCu-RivES 801 1$bCu-RivES 801 2$bCStRLIN 801 2$bWaOLN 906 $aBOOK 912 $a996383811903316 996 $aBaptismall regeneration of elect infants$92378567 997 $aUNISA